000 01200nam a22002417a 4500
003 OSt
005 20211119093935.0
008 151015b xxu||||| |||| 00| 0 eng d
020 _a9780721685830
020 _a0721685838
040 _cLC
050 _aRK652.5.H36
100 _qHatrick, Carol Dixon
245 _aDental materials: clinical applications for dental assistants and dental hygienists. /
_cCarol Dixon Hatrick, W. Stephen Eakle, William F. Bird
260 _aSt Louis, Missouri:
_bSaunders,
_c2003.
300 _axxii, 373 p.:
_bills.;
500 _aIncludes index
505 _aContents: Introduction to dental materials -- Oral environment and patient considerations -- Physical properties of dental materials -- General handling and safety -- Principles of bonding -- Direct and indirect esthetic restoration materials -- Preventive and bleaching materials --Metals in dentistry -- Abrasions, finishing, and polishing -- Dental cement -- Impression materials --Gypsum products -- Polymers for prosthetic dentistry -- Provisional restorations --Dental waxes --
653 _aDental materials
700 _qEakle, W. Stephan
700 _qBird, William F.
942 _2lcc
_cBK
999 _c8033
_d15533